Missing Word: Brokeback Mountain Actors Quiz Stats

 Plays Quiz Updated May 20, 2018

Challenge
Share
Tweet
Embed
Score 0/20 Timer 04:00
3 Plays Today
% Correct
Hate
97.4%
Knight
96.8%
Devil
96.8%
Tomorrow
93.3%
Tale
93.1%
Island
90.6%
Donnie
88.5%
Princess
83%
Married
79.2%
Grimm
77%
% Correct
Week
73.7%
York
67%
Wars
65.9%
Doctor
61.7%
Animals
47.1%
Smart
46.9%
Source
33%
Valentine
27.4%
Agent
25.6%
Good
20.1%

Today's Daily Dose

Missing Word
'F' Pairs

Word Ladder
Mixed Synonyms

On This Day
August 15th II

You're not logged in!

Compare scores with friends on all Sporcle quizzes.
Join for Free
OR
Log In

You Might Also Like...

Show Comments

Extras

Top Quizzes Today


Score Distribution

Your Account Isn't Verified!

In order to create a playlist on Sporcle, you need to verify the email address you used during registration. Go to your Sporcle Settings to finish the process.

Report this User

Report this user for behavior that violates our Community Guidelines.

Details: